000
00281nam a22001337a 4500
008
190205b xxu||||| |||| 00| 0 eng d
020
_a
41809
041
_a
eng
080
_2
2nd
_a
616.073
100
_a
6
101
_a
GJEN
245
_a
Genetics
_c
Strickberger
942
_2
udc
_c
BK
999
_c
54039
_d
54039